| 000 | 01464cam a2200433 i 4500 | ||
|---|---|---|---|
| 999 |
_c200431370 _d49582 |
||
| 001 | 200431370 | ||
| 003 | TR-AnTOB | ||
| 005 | 20230614001318.0 | ||
| 007 | ta | ||
| 008 | 060517s2018 tu a b 000 0 tur d | ||
| 010 | _a 2006307402 | ||
| 020 | _a9786052458792 | ||
| 035 | _a(CStRLIN)NYCGQ5574874-B | ||
| 035 | _a(NNC)NYCG5574874 | ||
| 035 | _a(TR-AnTOB) | ||
| 040 |
_aB9K _beng _erda _cB9K _dNNC _dDLC _dTR-AnTOB |
||
| 041 | 0 | _atur | |
| 042 |
_alccopycat _alcode |
||
| 043 | _aa-tu--- | ||
| 050 | 4 |
_aHF3756.5 _b.A93 2018 |
|
| 090 |
_aHF3756.5 _b.A93 2018 |
||
| 100 | 1 |
_aAydın, Özkan, _d1957- _eauthor _918090 |
|
| 245 | 1 | 0 |
_aMilli Mücadele döneminde dış ticaret, 1920-1923 / _cÖzkan Aydın. |
| 250 | _aGenişletilmiş 2. baskı. | ||
| 264 | 1 |
_a[Ankara] : _b[publisher not identified], _c2018. |
|
| 300 |
_a304 pages : _billustrations ; _c24 cm |
||
| 336 |
_2rdacontent _atext _btxt |
||
| 337 |
_2rdamedia _aunmediated _bn |
||
| 338 |
_2rdacarrier _avolume _bnc |
||
| 504 | _aIncludes bibliographical references (p. 300). | ||
| 590 | _aDonated by Orta Anadolu İhracatçı Birlikleri | ||
| 651 | 0 |
_aTürkiye _xDış ekonomik ilişkiler _918923 |
|
| 651 | 7 |
_aTürkiye _xTicaret politikası _xTarih _2etuturkob _918924 |
|
| 651 | 0 |
_aTürkiye _xEkonomik durum _980633 |
|
| 651 | 0 |
_aTürkiye _xTarih _yKurtuluş Savaşı, 1918-1923 _910811 |
|
| 651 | 7 |
_aTürkiye _xTicaret _xTarih _2etuturkob _968862 |
|
| 942 |
_2lcc _cBK |
||